00469nam a2200181 a 4500001001300000003000900013005001700022008004100039020001000080082001800090100002300108245002100131260003400152500003500186505002600221650001700247700002300264nice12345678IN_TiNIC20260116011854.0050524s1901 hyda grp 000 0 ara  ac10000a297.1248bHAS aHasanuzzaman, Mohd aUsool-Ar-Riwayah aHyderabadbYusufi Pressc1901 aincludes index and biblioraphy2 aworld christian books aHadith-Shiah1 aHasanuzzaman, Mohd